| 000 | 00000nam 2200000zi 4500 |
| 001 | 9.937994 |
| 003 | CaOODSP |
| 005 | 20240724144331 |
| 006 | m o d f |
| 007 | cr mn||||||||| |
| 008 | 240509t20242024onca ob f000 0 eng d |
| 020 | |a9780660718361 |
| 040 | |aCaOODSP|beng|erda|cCaOODSP |
| 043 | |an-cn--- |
| 086 | 1 |aH144-126/2024E-PDF |
| 245 | 00|aWildfire smoke with extreme heat. |
| 264 | 1|a[Ottawa] : |bHealth Canada = Santé Canada, |c[2024] |
| 264 | 4|c©2024 |
| 300 | |a1 online resource (6 pages) : |bcolour illustrations |
| 336 | |atext|btxt|2rdacontent |
| 337 | |acomputer|bc|2rdamedia |
| 338 | |aonline resource|bcr|2rdacarrier |
| 500 | |aIssued also in French under title: Fumée des feux de forêt et chaleur extrême. |
| 500 | |a"Pub.: 240175"--Page 6. |
| 650 | 0|aWildfires|zCanada|xSafety measures. |
| 650 | 0|aHeat waves (Meteorology)|zCanada|xSafety measures. |
| 650 | 0|aSmoke|xHealth aspects|zCanada. |
| 650 | 0|aHeat|xPhysiological effect|zCanada. |
| 710 | 1 |aCanada. |bHealth Canada, |eissuing body. |
| 775 | 08|tFumée des feux de forêt et chaleur extrême.|w(CaOODSP)9.937995 |
| 856 | 40|qPDF|s1.30 MB|uhttps://publications.gc.ca/collections/collection_2024/sc-hc/H144-126-2024-eng.pdf |
| 856 | 4 |qHTML|sN/A|uhttps://www.canada.ca/en/health-canada/services/publications/healthy-living/combine-wildfire-smoke-heat.html |
| 986 | |a240175 |